| 000 | 00344nam a22001337a 4500 | ||
|---|---|---|---|
| 008 | 190305b xxu||||| |||| 00| 0 eng d | ||
| 020 | _a9780132373326 | ||
| 041 | _aeng | ||
| 080 |
_28th _a610.73 |
||
| 100 | _a1 | ||
| 101 | _aINF | ||
| 245 |
_aLaboratory Tests and Diagnostic Procedures with Nursing Diagnoses _cCorbett, J.V |
||
| 942 |
_2udc _cBK |
||
| 999 |
_c54470 _d54470 |
||